La terminacion, entrega, recepcion y liquidacion en el contrato de obra de edificios adaptada a la Ley de Ordenacion de la Edificacion. Comentarios, jurisprudencia, formularios /

Bibliographic Details
Main Author: Martinez Mas, Francisco
Format: Unknown
Language:Spanish
Published: Madrid : Dykinson, 2001
Subjects:
Online Access:Acceso restringido

MARC

LEADER 00000ny a22000003n 4500
005 20110621110444.0
006 m u
007 cr cn|||||||||
008 200508r2001 sp |||||s|||||||||||spa d
020 |a 9788481557763 
035 |a 282 
040 |a FlNmELB  |c FlNmELB  |d vlex 
050 1 4 |a KF590.Z9  |b M385 2001eb 
080 |a 347.440 
090 |c 1326  |d 1326 
100 1 |a Martinez Mas, Francisco 
245 1 3 |a La terminacion, entrega, recepcion y liquidacion en el contrato de obra de edificios  |h [Recurso electrn̤ico]  |b adaptada a la Ley de Ordenacion de la Edificacion. Comentarios, jurisprudencia, formularios /  |c Francisco Martinez Mas 
256 |a Servicio en ln̕ea 
260 |a Madrid :  |b Dykinson,  |c 2001 
300 |a [7]-282 p 
506 1 |a Contenido solo disponible en los productos indicados  |d vLex Global  |d vLex Global (Academic Edition, excluding Law Schools)  |d vLex Global (U.S. Academic Edition, Law Schools)  |d vLex Global (U.S. Academic Edition, excluding Law Schools)  |d vLex Global (Academic Edition, Law Schools) 
650 0 7 |2 Tesauro vLex  |a Contrato de obra 
740 0 |a vLex Libros (Servicios en ln̕ea) 
856 4 0 |z Acceso restringido  |u http://vlex.com/source/282 
942 |c BOOK